header

Lunch money (Record no. 264745)

MARC details
000 -LEADER
fixed length control field 00231nam a22000977a 4500
020 ## - INTERNATIONAL STANDARD BOOK NUMBER
ISBN 9780689866852
100 ## - MAIN ENTRY--AUTHOR NAME
Personal name Andrew Clements
245 ## - TITLE STATEMENT
Title Lunch money
260 ## - PUBLICATION, DISTRIBUTION, ETC. (IMPRINT)
Place of publication New York
Name of publisher Atheneum Books for Young Readers
Year of publication 2005
942 ## - ADDED ENTRY ELEMENTS (KOHA)
Koha item type Long Loan Books
Holdings
Withdrawn status Lost status Collection code Home library Current library Shelving location Date acquired Accession Number Koha item type
    Fiction Rongo University Library Rongo University Library Children's Area 18/02/2025 CL20243785 Long Loan Books

© 2026 Rongo University
Contact us: librarian | system librarian | Rongo university